Most Streamed Songs from Evermore Album by Taylor Swift - Statistics

General Stats
  • This quiz has been taken 334 times
  • The average score is 10 of 17
Answer Stats
Streams Track % Correct
587M Willow
99%
389M Champagne Problems
93%
198M Gold Rush
74%
188M No Body, No Crime
73%
168M Tolerate It
65%
143M Ivy
62%
167M 'Tis the Damn Season
59%
140M Evermore
58%
174M Right Where You Left Me
57%
115M Marjorie
53%
83M Closure
50%
123M Coney Island
50%
128M Happiness
50%
133M Long Story Short
50%
118M Cowboy like Me
49%
113M Dorothea
49%
67M It's Time To Go
49%
No matching quizzes found
Score Distribution
Percent of People with Each Score
Percentile by Number Answered
Your Score History
You have not taken this quiz